000 00813nam a2200217 a 4500
001 000017189
005 20200929165037.0
008 100319s1955 dr r 000 0 spa d
040 _aDO-SdBNP
_bspa
_cBNPHU
082 _a338.40097293
_bC794e
100 1 _aCordero, Armando
_936629
245 1 0 _aEstudio del seguro social dominicano /
_cArmando Cordero.
260 _aCiudad Trujillo, República Dominicana :
_bArte y Cine,
_c1955.
300 _a195 p. ;
_c22 cm.
500 _aIncluye referencias bibliográficas y notas al pie de las páginas
500 _aIncluye bibliografía al final de los capitulos
590 _aInventariado, 2018/LP
650 4 _aSeguridad social
_zRepública Dominicana
_xHistoria
_927773
650 4 _aSeguridad social
_xHistoria
_937826
910 _aValidado. Control de calidad MFF
999 _c16715
_d16715